000 00466pab a2200181 454500
008 180718b2002 xxu||||| |||| 00| 0 eng d
100 _aKhajooria, M.M.
245 _aElections with high stakes
260 _c2002
300 _ap.24-26.
362 _a12 Oct
650 _aJammu and Kashmir. Legislative Assembly - Elections
650 _aElections - India - Jammu and Kashmir
650 _aElections
773 _aMainstream
908 _aN
909 _a54036
999 _c54036
_d54036